000 00708nam a2200193Ia 4500
003 GCL
008 140319s9999 xx 000 0 ara d
040 _aGCL /
_cGCL
082 0 4 _a658.403
_bم م
100 1 _aمحمد عبدالغنى الشيخ
245 1 0 _aمهارات ادارة الازمات:CRISIS MANAGEMENT SKILLS الازمة بين الوقاية منها والسيطرة عليها /
_cمحمد عبدالغنى الشيخ
300 _a161 ص
490 _aمجموعة مهارات تطوير الاداء
_v0
650 0 4 _aادارة الاعمال
650 0 4 _aالمديريون
650 0 4 _aادارة الازمات
650 0 4 _aاتخاذ القرارات
942 _2ddc
_cBK
999 _c49709
_d49709